000 00629nam a2200205Ia 4500
003 GCL
008 140319s9999 xx 000 0 ara d
040 _aGCL /
_cGCL
082 0 4 _aق
_b932
_bب م
100 1 _aيويوت، جان
245 1 0 _aموسوعة الفراعنة /
_cيويوت، جان
700 1 _aباسكال فيرنوس
700 1 _aمحمود ماهر طه
260 _a[S.N] :
_bدار الفكر للدراسات والنشر والتوزيع ،
_c1991
490 _a
650 0 4 _aتاريخ
650 0 4 _aمصر القديمة
650 0 4 _aالحضارة الفرعونية
942 _2ddc
_cBK
999 _c51979
_d51979